[Event "Club Championships"]
[Site "Wellington Chess Club"]
[Date "2011.07.26"]
[Round "1"]
[White "Havukkala, Ilkka"]
[Black "Farrington, Lawrence"]
[Result "1/2-1/2"]
[WhiteElo "1877"]
[BlackElo "1737"]

1. e4 e5 2. Nf3 Nf6 3. Nc3 Nc6 4. Bc4 Nxe4 5. Qe2 Nf6 6. Nxe5 Nxe5 7. Qxe5+ Be7
8. d4 d6 9. Qe2 O-O 10. f3 Re8 11. Be3 d5 12. Bd3 Bb4 13. O-O c6 14. a3 Bd6 15.
Qf2 Qc7 16. g3 Be6 17. Ne2 Rad8 18. Bg5 Be7 19. h4 h6 20. Bd2 Bd6 21. Nf4 Rd7
22. Kg2 Rde7 23. Rae1 Nh7 24. Nxe6 Rxe6 25. Bf5 R6e7 26. g4 Nf6 27. g5 Nh5 28.
Rxe7 Rxe7 29. f4 hxg5 30. fxg5 Qb8 31. g6 Nf6 32. gxf7+ Kxf7 33. h5 Kg8 34. h6
Qe8 35. Bd3 Qh5 36. Bf4 Qg4+ 37. Qg3 Qxg3+ 38. Bxg3 Bxg3 39. Kxg3 Ne4+ 40. Bxe4
Rxe4 41. hxg7 Kxg7 42. Rf4 Re2 43. Rf2 1/2-1/2

[Event "Club Championships"]
[Site "Wellington Chess Club"]
[Date "2011.07.26"]
[Round "1"]
[White "Jackson, Ross"]
[Black "Ker, Anthony"]
[Result "0-1"]
[WhiteElo "1975"]
[BlackElo "2479"]

1. d4 d6 2. Nf3 g6 3. c4 Bg7 4. Nc3 Nf6 5. e4 O-O 6. h3 Nc6 7. Be2 e5 8. d5 Nd4
9. Nxd4 exd4 10. Qxd4 Re8 11. Qd3 Qe7 12. Bg5 h6 13. Bxf6 Bxf6 14. O-O-O a6 15.
Bf3 b5 16. Ne2 bxc4 17. Qxc4 Rb8 18. Nd4 Bd7 19. b3 a5 20. a3 Rb6 21. Kc2 Qe5
22. Rd3 Bb5 23. Nxb5 Qb2+ 24. Kd1 Qb1+ 25. Ke2 Qxh1 26. Nxc7 Rc8 27. Bg4 Rcb8
28. Rf3 Qa1 29. Rd3 Rxb3 30. Na6 Rxd3 31. Qxd3 Rb2+ 32. Kf3 Qa2 0-1

[Event "Club Championships"]
[Site "Wellington Chess Club"]
[Date "2011.07.26"]
[Round "1"]
[White "Jhurani, Anil"]
[Black "Stoeveken, Peter"]
[Result "0-1"]
[WhiteElo "1723"]
[BlackElo "1740"]

1. d4 d5 2. Nf3 Bg4 3. Bf4 Bxf3 4. exf3 Nf6 5. Bd3 e6 6. Nd2 Bd6 7. Be3 Nbd7 8.
Qe2 c5 9. c3 Qc7 10. g3 Qb6 11. b3 O-O 12. f4 Qa5 13. dxc5 Nxc5 14. b4 Nxd3+
15. Qxd3 Qc7 16. O-O a5 17. b5 Bc5 18. a4 Rfd8 19. Bd4 Bxd4 20. cxd4 Qb6 21.
Rfc1 Rac8 22. f3 Rc7 23. Nb3 Rdc8 24. Nc5 Nd7 25. Nb3 Rxc1+ 26. Rxc1 Rxc1+ 27.
Nxc1 Qc7 28. Qd1 Qc4 29. h4 Nb6 30. h5 Nxa4 31. h6 gxh6 32. Nd3 Qxd4+ 33. Kg2
Nc3 34. Qc2 f6 35. Nf2 h5 36. Qb3 Qc4 37. Qa3 Qb4 38. Qc1 d4 39. f5 0-1

[Event "Club Championships"]
[Site "Wellington Chess Club"]
[Date "2011.07.26"]
[Round "1"]
[White "Nyberg, Michael"]
[Black "Dive, Russell"]
[Result "0-1"]
[WhiteElo "2070"]
[BlackElo "2434"]

1. d4 Nf6 2. Bg5 Ne4 3. Bf4 d5 4. f3 Nd6 5. Nd2 Nc6 6. e3 Bf5 7. a3 Bg6 8. c4
dxc4 9. Nxc4 e6 10. Nh3 Nf5 11. Nf2 Be7 12. Be2 O-O 13. O-O b5 14. Nd2 Bd6 15.
Bxd6 cxd6 16. Bxb5 Nxe3 17. Qe2 Nxf1 18. Bxc6 Nxd2 19. Qxd2 Rc8 20. Be4 Qb6 21.
Kh1 Rc4 22. Rd1 Rfc8 23. Bxg6 hxg6 24. b4 Rc2 25. Qe1 R8c4 26. Qe3 e5 27. Ne4
Rxd4 28. Re1 Rd1 0-1

[Event "Club Championships"]
[Site "Wellington Chess Club"]
[Date "2011.07.26"]
[Round "1"]
[White "Proctor, Matthew"]
[Black "Gillespie, John"]
[Result "0-1"]
[WhiteElo "1477"]
[BlackElo "1574"]

1. e4 c5 2. Nf3 d6 3. d4 cxd4 4. Nxd4 Nf6 5. Nc3 a6 6. Bc4 e6 7. Qe2 Be7 8. Bb3
Bd7 9. O-O Nc6 10. Be3 O-O 11. f4 e5 12. Nf5 Bxf5 13. exf5 Nd4 14. Qd3 Nxb3 15.
axb3 Ng4 16. Nd5 Nxe3 17. Qxe3 Re8 18. Ra4 exf4 19. Raxf4 Bg5 20. Qg3 Bxf4 21.
Rxf4 Re5 22. f6 g6 23. Ne3 Qb6 24. Kf2 Rae8 25. Rf3 Qd4 26. Ke2 Qxb2 27. Kd3
Re4 28. Qxd6 R4e6 29. Qf4 Rd8+ 30. Kc4 Rc6+ 31. Kb4 Qc3+ 32. Ka4 b5+ 33. Ka3
Qa1+ 34. Kb4 Rd4+ 35. c4 Rxf4 36. Rxf4 Qe1+ 37. Ka3 Qxe3 0-1

[Event "Club Championships"]
[Site "Wellington Chess Club"]
[Date "2011.07.26"]
[Round "1"]
[White "Ranson, Bryce"]
[Black "Veldhuizen, Matt"]
[Result "0-1"]
[WhiteElo "1362"]
[BlackElo "1467"]

1. e4 c6 2. d4 d5 3. e5 Bf5 4. Nf3 e6 5. h3 Nd7 6. Bd3 Bxd3 7. Qxd3 Ne7 8. O-O
Ng6 9. a3 c5 10. b3 Qb6 11. Be3 cxd4 12. Bxd4 Bc5 13. Be3 Ndxe5 14. Nxe5 Nxe5
15. Bxc5 Qxc5 16. Qe2 Ng6 17. g3 Rc8 18. Ra2 O-O 19. a4 a6 20. Na3 Ne7 21. c4
Nf5 22. Rd1 Nxg3 23. Qe3 Qxe3 24. fxe3 dxc4 25. Nxc4 Ne4 26. Rc2 b5 27. Na3
Rxc2 28. Nxc2 bxa4 29. bxa4 Nc3 30. Ra1 Rb8 31. Ra3 Nd5 32. Kh2 Rb2 33. Rd3
Rxc2+ 34. Kg3 Rc3 35. Rd4 Rxe3+ 36. Kh2 Ra3 37. h4 h5 38. Kg2 g6 39. Kf2 Kg7
40. Kg2 Kf6 41. Rc4 Ne3+ 0-1

[Event "Club Championships"]
[Site "Wellington Chess Club"]
[Date "2011.07.26"]
[Round "1"]
[White "Roberts, Michael"]
[Black "Kay, Bruce"]
[Result "1/2-1/2"]
[WhiteElo "1775"]
[BlackElo "1862"]

1. d4 Nf6 2. c4 c5 3. d5 b5 4. cxb5 a6 5. Nc3 axb5 6. Nxb5 Qa5+ 7. Nc3 d6 8.
Bd2 Ba6 9. e4 Bxf1 10. Kxf1 g6 11. Nge2 Bg7 12. g3 O-O 13. Kg2 Nbd7 14. Nc1
Rfb8 15. Nb3 Qb4 16. Qe2 Ne8 17. Nd1 Qb5 18. Qxb5 Rxb5 19. Nc3 Rbb8 20. Rab1
Nb6 21. Ne2 Rxa2 22. Bc3 Bxc3 23. Nxc3 Raa8 24. Nd2 Na4 25. Nxa4 Rxa4 26. Rhc1
Rab4 27. Nc4 Nc7 28. Ra1 Nb5 29. Ra2 Nd4 30. Rc3 Ne2 31. Rc2 1/2-1/2

[Event "Club Championships"]
[Site "Wellington Chess Club"]
[Date "2011.07.26"]
[Round "1"]
[White "Theodosiou, Andreas"]
[Black "Marney, John"]
[Result "0-1"]
[WhiteElo "1249"]
[BlackElo "1603"]

1. e4 e5 2. c4 Nf6 3. Nc3 Bb4 4. d3 Nc6 5. Nf3 d6 6. Bd2 Bc5 7. h3 a6 8. Nd5 h6
9. b4 Ba7 10. Rc1 Nd4 11. c5 c6 12. Nxd4 cxd5 13. Nf5 Bxf5 14. exf5 dxc5 15.
bxc5 Rc8 16. Bb4 O-O 17. c6 Qb6 18. Bc5 Qxc6 19. Bxf8 Qxc1 20. Qxc1 Rxc1+ 21.
Kd2 Ra1 22. Bd6 Rxa2+ 23. Kc3 Bd4+ 24. Kb3 Rxf2 25. g4 Rb2+ 26. Ka3 Rb1 27. Be7
e4 28. Ka2 Rd1 29. Bxf6 Bxf6 30. dxe4 dxe4 31. Bg2 Rxh1 32. Bxh1 e3 33. Bf3 Kf8
34. Kb3 Bh4 35. Kc3 b6 36. Kc4 Ke7 37. Kd5 Kf6 38. Kc6 Bf2 39. Kxb6 e2+ 0-1

[Event "Club Championships"]
[Site "Wellington Chess Club"]
[Date "2011.07.26"]
[Round "1"]
[White "Wilkins, Mark"]
[Black "Nijman, Brian"]
[Result "0-1"]
[WhiteElo "1941"]
[BlackElo "2196"]

1. d4 e6 2. c4 f5 3. Nc3 Bb4 4. Nf3 Nf6 5. Qb3 a5 6. Bg5 O-O 7. e3 Qe8 8. a3 a4
9. Qc2 Bxc3+ 10. bxc3 b6 11. Rb1 Bb7 12. Bf4 d6 13. c5 Be4 14. Bd3 bxc5 15.
Bxe4 Nxe4 16. O-O Nc6 17. Rb7 Qc8 18. Rfb1 Nb4 19. cxb4 Qxb7 20. bxc5 Qd5 21.
cxd6 cxd6 22. Rb4 Rfc8 23. Qb2 Qa2 0-1

[Event "Club Championships"]
[Site "Wellington Chess Club"]
[Date "2011.08.02"]
[Round "2"]
[White "Dive, Russell"]
[Black "Jackson, Ross"]
[Result "1-0"]
[WhiteElo "2434"]
[BlackElo "1975"]

1. c4 Nf6 2. Nc3 g6 3. g3 Bg7 4. Bg2 O-O 5. d3 d6 6. Rb1 e5 7. b4 Ne8 8. Nf3 f5
9. Qb3 h6 10. c5+ Kh7 11. cxd6 cxd6 12. h4 Qd7 13. Ng5+ Kh8 14. Bd5 Nc6 15. e3
Nd8 16. h5 gxh5 17. Bf3 Qe7 18. Rxh5 Nf6 19. Nd5 Nxd5 20. Bxd5 Bd7 21. f4 exf4
22. gxf4 Be8 23. Rh3 Rf6 24. Bb2 Rg6 25. Rc1 a5 26. Kf2 a4 27. Rch1 Bf6 28.
Rxh6+ Kg7 29. Rh7+ 1-0

[Event "Club Championships"]
[Site "Wellington Chess Club"]
[Date "2011.08.02"]
[Round "2"]
[White "Farrington, Lawrence"]
[Black "Roberts, Michael"]
[Result "1/2-1/2"]
[WhiteElo "1737"]
[BlackElo "1775"]

1. e4 e6 2. d4 d5 3. Nc3 Bb4 4. e5 c5 5. a3 Bxc3+ 6. bxc3 Nc6 7. Nf3 Qc7 8. Bd3
f6 9. Bf4 c4 10. Be2 Qe7 11. O-O Bd7 12. a4 O-O-O 13. Qc1 Rf8 14. a5 h6 15. Bg3
f5 16. Nh4 Be8 17. f4 Qc7 18. Qa3 Nge7 19. Nf3 Ng6 20. Qd6 Bf7 21. Rfb1 Rd8 22.
Qa3 Qe7 23. Qc5 Qxc5 24. dxc5 Nf8 25. a6 Rd7 26. Nd4 Nxd4 27. cxd4 Rc7 28. Be1
bxa6 29. Rxa6 Be8 30. Rba1 Kb8 31. Rb1+ Kc8 32. Ba5 Rb7 33. Rxb7 Kxb7 34. Rd6
Bc6 35. Rd8 Ng6 36. Rxh8 Nxh8 37. Kf2 Ka6 38. Bd2 Kb5 39. Ke1 a5 40. Kd1 g6 41.
Kc1 Nf7 42. g4 Nd8 43. gxf5 exf5 44. Kb2 Ne6 45. Be3 g5 46. fxg5 hxg5 47. c3
Bd7 48. Ka3 f4 49. Bf2 Ng7 50. Bd1 Ka6 51. Ba4 Be6 52. Bc2 g4 53. Bg6 Bg8
1/2-1/2

[Event "Club Championships"]
[Site "Wellington Chess Club"]
[Date "2011.08.02"]
[Round "2"]
[White "Forster, Bill"]
[Black "Wilkins, Mark"]
[Result "1/2-1/2"]
[WhiteElo "1995"]
[BlackElo "1941"]

1. Nf3 Nf6 2. c4 d5 3. cxd5 Nxd5 4. g3 e6 5. Bg2 c5 6. O-O Nc6 7. Nc3 Be7 8. d3
O-O 9. Bd2 a6 10. a3 f5 11. Rb1 Bd7 12. b4 cxb4 13. Nxd5 exd5 14. axb4 Bf6 15.
Qb3 Ne7 16. Rfc1 Kh8 17. Bf4 Rc8 18. Be5 Qb6 19. e3 Be6 20. Bxf6 Rxf6 21. Nd4
Bd7 22. Rxc8+ Bxc8 23. Rc1 Qd8 24. Rc5 b6 25. Rc1 Bb7 26. Qa4 b5 27. Qa5 Qxa5
28. bxa5 1/2-1/2

[Event "Club Championships"]
[Site "Wellington Chess Club"]
[Date "2011.08.02"]
[Round "2"]
[White "Ker, Anthony"]
[Black "Aldridge, Alan"]
[Result "1-0"]
[WhiteElo "2479"]
[BlackElo "1914"]

1. e4 e5 2. Nf3 Nc6 3. d4 exd4 4. Nxd4 Bc5 5. Nxc6 bxc6 6. Bc4 Nf6 7. e5 Qe7 8.
Qe2 Nd5 9. O-O O-O 10. Nd2 d6 11. exd6 Qxe2 12. Bxe2 Bxd6 13. Bf3 Bf5 14. Ne4
Rfe8 15. Nxd6 cxd6 16. c4 Ne7 17. Be3 d5 18. Rfc1 Be4 19. Bxe4 dxe4 20. b4 Nf5
21. b5 Nxe3 22. fxe3 cxb5 23. cxb5 Rec8 24. a4 Kf8 25. a5 Ke7 26. Kf2 Kd6 27.
Rd1+ Ke6 28. Ra4 f5 29. Rad4 Rc7 30. Kg3 Rb8 31. Rd6+ Ke7 32. R6d5 g6 33. Kf4
Rcb7 34. a6 Rc7 35. Kg5 Ke6 36. h4 Rb6 37. R1d2 Ke7 38. Re5+ Kf7 39. g4 Re6 40.
Rdd5 fxg4 41. Kxg4 Kf6 42. Rxe6+ Kxe6 43. Rd8 h6 44. Kf4 g5+ 45. hxg5 hxg5+ 46.
Kxe4 Ke7 47. Rg8 Kf6 48. Rb8 Ke6 49. b6 axb6 50. Rxb6+ Kd7 51. Rb7 1-0

[Event "Club Championships"]
[Site "Wellington Chess Club"]
[Date "2011.08.02"]
[Round "2"]
[White "Marney, John"]
[Black "Ranson, Bryce"]
[Result "1-0"]
[WhiteElo "1603"]
[BlackElo "1362"]

1. e4 e5 2. Nf3 Nc6 3. d4 d6 4. dxe5 Nxe5 5. Nxe5 dxe5 6. Qxd8+ Kxd8 7. Bc4 f6
8. Nc3 Bd7 9. O-O Bd6 10. Be3 a6 11. Rad1 b6 12. a4 Ke8 13. Bxb6 Ne7 14. Be3
Bc6 15. Nd5 Nxd5 16. Bxd5 Bxd5 17. Rxd5 Kd7 18. Rfd1 Rad8 19. Bc5 Ke7 20. Bxd6+
Rxd6 21. Kf1 Rxd5 22. Rxd5 Rb8 23. b3 Rb6 24. Ke2 Rd6 25. Kd3 c6 26. Rxd6 Kxd6
27. Kc4 a5 28. c3 Kc7 29. Kc5 g6 30. b4 axb4 31. cxb4 f5 32. f3 fxe4 33. fxe4
Kb7 34. b5 cxb5 35. axb5 h6 36. b6 g5 37. Kd6 Kxb6 38. Kxe5 Kc5 39. Ke6 h5 40.
e5 Kc6 41. Kf7 1-0

[Event "Club Championships"]
[Site "Wellington Chess Club"]
[Date "2011.08.02"]
[Round "2"]
[White "Nijman, Brian"]
[Black "Nyberg, Michael"]
[Result "1-0"]
[WhiteElo "2196"]
[BlackElo "2070"]

1. Nf3 Nf6 2. c4 c6 3. g3 g6 4. Bg2 Bg7 5. Nc3 d6 6. O-O O-O 7. Qc2 Na6 8. d3
Rb8 9. Be3 Ra8 10. a3 Ng4 11. Bd2 Rb8 12. h3 Nf6 13. Be3 Ra8 14. b4 Bd7 15. Nd2
Qc8 16. Kh2 Nc7 17. Rfc1 Nh5 18. Rab1 f5 19. f4 e5 20. Bf3 exf4 21. gxf4 Re8
22. Nf1 Nf6 23. c5 d5 24. Bd4 Ne6 25. Be5 g5 26. e3 g4 27. Bxf6 gxf3 28. Bxg7
Kxg7 29. Ng3 Nxf4 30. exf4 d4 31. Qf2 Re3 32. Re1 Rxd3 33. Re7+ Kf6 34. Rbe1
Re3 35. R1xe3 dxe3 36. Qxe3 Qc7 37. Nh5+ Kg6 38. Qg1+ 1-0

[Event "Club Championships"]
[Site "Wellington Chess Club"]
[Date "2011.08.02"]
[Round "2"]
[White "Sellen, Ian"]
[Black "Van der Hoorn, Mark"]
[Result "0-1"]
[WhiteElo "2061"]
[BlackElo "2178"]

1. c4 e5 2. Nc3 Nc6 3. g3 f5 4. e3 Nf6 5. Nge2 d5 6. cxd5 Nxd5 7. Bg2 Ndb4 8.
O-O Nd3 9. Bxc6+ bxc6 10. f4 e4 11. a3 h5 12. Qc2 Bd7 13. Nd1 h4 14. Nf2 hxg3
15. hxg3 Qf6 16. Nxd3 exd3 17. Qxd3 c5 18. Kf2 O-O-O 19. Ke1 Rh2 20. Nc3 Be8
21. Qc4 Bh5 22. Rg1 Qc6 23. b4 Be7 24. b5 Qf3 25. Qf1 Bf6 0-1

[Event "Club Championships"]
[Site "Wellington Chess Club"]
[Date "2011.08.02"]
[Round "2"]
[White "Whittle, Jonathon"]
[Black "Proctor, Matthew"]
[Result "1-0"]
[WhiteElo "1688"]
[BlackElo "1477"]

1. Nf3 Nc6 2. g3 e5 3. d3 Bc5 4. Bg2 d5 5. O-O h5 6. Nc3 Bg4 7. h3 Bxf3 8. exf3
h4 9. g4 g5 10. Qe2 f5 11. a3 d4 12. b4 Bb6 13. b5 Nce7 14. Qxe5 dxc3 15. Qxh8
Bd4 16. Qh5+ Kf8 17. Bxg5 Qd6 18. Qxh4 Ng6 19. Qh7 Re8 20. Rae1 Rxe1 21. Rxe1
Qg3 22. Bh6+ Nxh6 23. Qxh6+ Kf7 24. Qh7+ Kf6 25. Re6+ Kxe6 26. Qxg6+ Ke7 27.
Qg5+ Ke6 28. Qxf5+ Kd6 29. Qf8+ Ke6 30. Qe8+ Kd5 31. Qe4+ Kc5 32. Qxd4+ Kxd4
33. fxg3 Ke3 34. f4 Kd2 35. Be4 1-0

[Event "Club Championships"]
[Site "Wellington Chess Club"]
[Date "2011.08.08"]
[Round "3"]
[White "Nyberg, Michael"]
[Black "Forster, Bill"]
[Result "1/2-1/2"]
[WhiteElo "2070"]
[BlackElo "1995"]

1. e4 c5 2. b3 e5 3. Bb2 Nc6 4. Bc4 Nf6 5. Nc3 Be7 6. Be2 O-O 7. Nf3 d6 8. h3
Nd4 9. Bd3 b6 10. Ne2 Bb7 11. Ng3 Ne6 12. O-O Nf4 13. Ne1 g6 14. f3 N6h5 15.
Nxh5 gxh5 16. Bc4 Bh4 17. Nd3 Nxd3 18. Bxd3 Bg3 19. f4 Qh4 20. fxe5 Bxe5 21.
Bxe5 dxe5 22. Rf5 Bxe4 23. Rxh5 Qf4 24. Bxe4 Qxe4 25. Rg5+ Kh8 26. Rg4 Qd5 27.
Qe2 Rg8 28. c4 Qd6 29. Rf1 Rxg4 30. Qxg4 Qxd2 31. Qf5 Rf8 32. Qxe5+ f6 33. Qe7
Qd4+ 34. Kh1 Rg8 35. Qf7 Qb2 36. Qxf6+ Qxf6 37. Rxf6 Rb8 38. Rf7 a6 39. Ra7 b5
40. Rc7 bxc4 41. bxc4 Rb2 42. Rxc5 Rxa2 43. Rf5 Rc2 44. c5 a5 45. h4 Kg7 46.
Rd5 a4 47. Rd7+ Kg8 48. Ra7 Rxc5 49. Rxa4 Rc3 50. Kh2 Rc2 51. Kh3 Kg7 52. Ra6
Rc4 53. g3 Rb4 54. h5 Rc4 55. g4 h6 56. Rg6+ Kh7 57. Rf6 Rc5 58. Kg3 Ra5 59.
Re6 Rb5 60. Kf4 Rb1 61. Re7+ Kg8 62. Kf5 Rb5+ 63. Kf6 Rg5 64. Re8+ Kh7 65. Re4
Kg8 66. Rf4 Kh7 67. Ke7 Kg7 68. Ra4 Kh7 69. Kf6 Kg8 70. Rd4 Kh7 71. Kf7 Kh8 72.
Rd6 Rg7+ 73. Kf8 Rg8+ 74. Ke7 Rg7+ 75. Ke8 Rg8+ 76. Kd7 Rg7+ 77. Kd8 Rg8+ 78.
Kc7 Rxg4 79. Rxh6+ Kg7 1/2-1/2

[Event "Club Championships"]
[Site "Wellington Chess Club"]
[Date "2011.08.09"]
[Round "3"]
[White "Aldridge, Alan"]
[Black "Dive, Russell"]
[Result "0-1"]
[WhiteElo "1914"]
[BlackElo "2434"]

1. d4 Nf6 2. c4 e6 3. Nc3 Bb4 4. Qc2 O-O 5. Nf3 b6 6. g3 Ba6 7. a3 Bxc3+ 8.
Qxc3 d5 9. b3 c5 10. Bf4 Nc6 11. Bg2 dxc4 12. Ne5 Nxd4 13. Bxa8 Qxa8 14. Nf3
Nd5 15. Qb2 Nxf3+ 16. exf3 Nxf4 17. gxf4 Qxf3 18. Rg1 c3 19. Qc2 Bd3 20. Rg3
Qh1+ 0-1

[Event "Club Championships"]
[Site "Wellington Chess Club"]
[Date "2011.08.09"]
[Round "3"]
[White "Brockway, Andrew"]
[Black "Stoeveken, Peter"]
[Result "0-1"]
[WhiteElo "1848"]
[BlackElo "1740"]

1. e4 e6 2. d4 d5 3. Nd2 c5 4. Ngf3 Qb6 5. c3 Nc6 6. exd5 exd5 7. Qe2+ Be7 8.
dxc5 Qxc5 9. Nb3 Qd6 10. Be3 b6 11. Nfd4 Nf6 12. Nxc6 Qxc6 13. Nd4 Qd6 14. Qb5+
Bd7 15. Qb3 Ng4 16. O-O-O O-O 17. Nb5 Qg6 18. Nc7 Rac8 19. Nxd5 Bg5 20. Ne7+
Bxe7 21. Rxd7 Bg5 22. Bd3 Qc6 23. Qd5 Qxd5 24. Rxd5 Bxe3+ 25. fxe3 Nxe3 26. Rh5
g6 27. Rg5 Rcd8 28. Bc2 Rd6 29. Rg3 Nc4 30. h4 Re8 31. Rd1 Rde6 32. Bb3 Re3 33.
Rxe3 Nxe3 34. Re1 Kf8 35. Re2 Nf5 36. Rf2 h5 37. Rf4 Re1+ 38. Kd2 Rb1 39. Kc2
Rg1 40. Rf2 Rxg2 41. Rxg2 Ne3+ 42. Kd3 Nxg2 43. Ke4 Nxh4 44. Kf4 Kg7 45. Bc2
Ng2+ 46. Kg3 Ne3 47. Bd3 Nd1 48. b3 Nxc3 0-1

[Event "Club Championships"]
[Site "Wellington Chess Club"]
[Date "2011.08.09"]
[Round "3"]
[White "Jackson, Ross"]
[Black "Nijman, Brian"]
[Result "0-1"]
[WhiteElo "1975"]
[BlackElo "2196"]

1. d4 d5 2. c4 dxc4 3. Nf3 a6 4. a4 Bg4 5. Ne5 Bh5 6. Nxc4 Nc6 7. d5 Nb4 8. Qb3
e6 9. dxe6 Qd5 10. Bd2 O-O-O 11. Qc3 Qxe6 12. e3 Bg6 13. Nba3 Nf6 14. Qe5 Qc6
15. b3 Ne4 16. f3 Nxd2 17. Nxd2 Re8 18. Qg5 Qc3 19. Rd1 h6 20. Nb1 Rxe3+ 21.
Kf2 hxg5 22. Nxc3 Rxc3 23. Bc4 Bc5+ 24. Kg3 Re3 25. Kg4 Rh4+ 26. Kg3 f5 27. h3
Rd4 28. Rhf1 f4+ 29. Kh2 Bc2 30. Ne4 Rxd1 31. Rxd1 Bxd1 32. Nxc5 b6 33. Be6+
Kd8 34. Ne4 Bxb3 35. Bxb3 Rxb3 36. Nxg5 Ke7 37. Ne4 Ra3 0-1

[Event "Club Championships"]
[Site "Wellington Chess Club"]
[Date "2011.08.09"]
[Round "3"]
[White "Jhurani, Anil"]
[Black "Farrington, Lawrence"]
[Result "0-1"]
[WhiteElo "1723"]
[BlackElo "1737"]

1. d4 d5 2. c4 Nc6 3. Bg5 f6 4. Bh4 Bf5 5. a3 e6 6. Nc3 Nh6 7. e3 Be7 8. cxd5
exd5 9. Qh5+ Kf8 10. g3 Be6 11. Bg2 Bf7 12. Qf3 g5 13. Bxg5 fxg5 14. O-O-O Na5
15. Bh3 Kg7 16. Qe2 Bg6 17. b4 Nc4 18. Qa2 c6 19. Bf1 b5 20. Bxc4 bxc4 21. f4
a5 22. b5 Qb6 23. a4 Bb4 24. Qd2 Be4 25. Nge2 Bxh1 26. Rxh1 cxb5 27. fxg5 Nf7
28. h4 bxa4 29. Qc2 Qg6 0-1

[Event "Club Championships"]
[Site "Wellington Chess Club"]
[Date "2011.08.09"]
[Round "3"]
[White "Palmer, Luke"]
[Black "Whittle, Jonathon"]
[Result "0-1"]
[WhiteElo "1195"]
[BlackElo "1688"]

1. e4 g6 2. d3 Bg7 3. Nc3 d6 4. Nf3 a6 5. Be3 b5 6. Bd4 Nf6 7. Nd5 c5 8. Nxf6+
exf6 9. Bc3 b4 10. Bd2 O-O 11. Be2 Nc6 12. O-O f5 13. exf5 Bxf5 14. Be3 Bxb2
15. Rb1 Bg7 16. d4 Qe7 17. dxc5 dxc5 18. Qd5 Be4 19. Bxc5 Bxd5 20. Bxe7 Nxe7
21. Rxb4 Bxa2 22. Ng5 a5 23. Re4 Nd5 24. Ra4 Nc3 25. Ra3 Nxe2+ 26. Kh1 Bc4 27.
Re1 Rfe8 28. h3 Ng3+ 29. fxg3 Rxe1+ 30. Kh2 Bb2 31. Ra4 Bd5 32. c4 Bc6 33. Ra2
Be5 34. c5 Re3 35. Kg1 Bxg3 36. Rd2 Re1# 0-1

[Event "Club Championships"]
[Site "Wellington Chess Club"]
[Date "2011.08.09"]
[Round "3"]
[White "Stracy, Don"]
[Black "Kay, Bruce"]
[Result "1-0"]
[WhiteElo "1751"]
[BlackElo "1862"]

1. e4 e5 2. Nf3 Nc6 3. Bb5 a6 4. Ba4 Nf6 5. O-O Nxe4 6. d4 b5 7. Bb3 d5 8. dxe5
Be6 9. c3 Be7 10. Nbd2 Nc5 11. Bc2 Bg4 12. Re1 Ne6 13. Nf1 O-O 14. Ne3 Bxf3 15.
Qxf3 Nxe5 16. Qf5 Ng6 17. Nxd5 Bd6 18. Be3 c6 19. Nb6 Rb8 20. Rad1 Qc7 21. h4
Rfe8 22. h5 Ngf8 23. Rd2 Rbd8 24. Red1 Qe7 25. g3 Bc7 26. Rd7 Qf6 27. Qxf6 gxf6
28. Rxd8 Rxd8 29. Rxd8 Bxd8 30. Be4 c5 31. Nd5 c4 32. Nb4 a5 33. Nc6 Bc7 34.
Ne7+ Kh8 35. Nd5 Bd8 36. Nf4 b4 37. Bd5 bxc3 38. bxc3 Nxf4 39. Bxf4 Nd7 40.
Bxc4 Kg8 41. Bb5 Ne5 42. Kg2 Bb6 43. Be3 Bc7 44. Be2 Nd7 45. f4 Nb6 46. Bd4 Kg7
47. Kf3 h6 48. Ke4 Nd7 49. Bb5 Nf8 50. Kf5 Bd8 51. c4 Ne6 52. Be3 Bc7 53. c5
Nd8 54. Bd4 Ne6 55. Bxf6+ Kf8 56. c6 Bb6 57. Bc3 Nc7 58. Ba4 Nd5 59. Be5 Nc7
60. Bb3 Na6 61. Bd6+ Ke8 62. Bc4 Nc7 63. Be5 Ke7 64. Bg7 Bf2 65. g4 Ne8 66. Be5
Bb6 67. g5 hxg5 68. fxg5 1-0

[Event "Club Championships"]
[Site "Wellington Chess Club"]
[Date "2011.08.09"]
[Round "3"]
[White "Theodosiou, Andreas"]
[Black "Gillespie, John"]
[Result "1/2-1/2"]
[WhiteElo "1249"]
[BlackElo "1574"]

1. e4 e5 2. c4 Nc6 3. Nf3 d6 4. d4 Bg4 5. d5 Nd4 6. Nbd2 c6 7. b3 Qg5 8. Be2
Bxf3 9. Bxf3 Qf6 10. Rb1 Nxf3+ 11. Qxf3 Qxf3 12. Nxf3 Nf6 13. Nd2 Be7 14. O-O
g5 15. Re1 c5 16. Nf1 Nh5 17. Ng3 Nxg3 18. hxg3 O-O-O 19. a3 h5 20. b4 b6 21.
Bd2 h4 22. gxh4 Rxh4 23. g3 Rh5 24. Kg2 Rdh8 25. Rh1 Rxh1 26. Rxh1 Rxh1 27.
Kxh1 f6 28. Kg2 Kd7 29. Kh3 Ke8 30. Kg4 Kf7 31. Kf5 Bd8 32. f4 gxf4 33. gxf4
Be7 34. b5 Bf8 1/2-1/2

[Event "Club Championships"]
[Site "Wellington Chess Club"]
[Date "2011.08.09"]
[Round "3"]
[White "Van der Hoorn, Mark"]
[Black "Ker, Anthony"]
[Result "0-1"]
[WhiteElo "2178"]
[BlackElo "2479"]

1. d4 d6 2. Nf3 g6 3. c4 Bg7 4. Nc3 c5 5. e4 cxd4 6. Nxd4 Nc6 7. Be3 Nf6 8. Be2
O-O 9. g4 Nxg4 10. Bxg4 Bxg4 11. f3 Bxd4 12. Bxd4 Bxf3 13. Qxf3 Nxd4 { } 0-1

[Event "Club Championships"]
[Site "Wellington Chess Club"]
[Date "2011.08.09"]
[Round "3"]
[White "Veldhuizen, Matt"]
[Black "Marney, John"]
[Result "0-1"]
[WhiteElo "1467"]
[BlackElo "1603"]

1. d4 d5 2. c4 e6 3. e3 Nf6 4. Nf3 Be7 5. Nc3 O-O 6. Bd3 b6 7. O-O Bb7 8. a3
Nbd7 9. Qc2 Re8 10. Bd2 c5 11. Rfe1 g6 12. cxd5 exd5 13. b3 Nf8 14. Be2 Rc8 15.
Qb2 Qd6 16. h3 Ne6 17. Red1 Ne4 18. Be1 cxd4 19. Nxe4 dxe4 20. Nxd4 Nxd4 21.
Bb4 Nxe2+ 22. Qxe2 Qf6 23. Bxe7 Qxe7 24. b4 Red8 25. Qg4 Rxd1+ 26. Rxd1 Rd8 27.
Rc1 Qd7 28. Qf4 a6 29. g3 Qxh3 30. Rc7 0-1

[Event "Club Championships"]
[Site "Wellington Chess Club"]
[Date "2011.08.16"]
[Round "4"]
[White "Kay, Bruce"]
[Black "Brockway, Andrew"]
[Result "1/2-1/2"]
[WhiteElo "1862"]
[BlackElo "1848"]

1. d4 Nf6 2. Nf3 e6 3. e3 c5 4. Bd3 d5 5. c3 Nc6 6. Nbd2 b6 7. O-O Be7 8. Re1
O-O 9. e4 dxe4 10. Nxe4 cxd4 11. cxd4 Bb7 12. Nc3 Nb4 13. Bb1 Nbd5 14. Qd3 Nxc3
15. bxc3 Bxf3 16. Qxf3 Qd5 17. Qd3 Rac8 18. Bd2 Rfd8 19. Bc2 Bf8 20. Bb3 Qd6
21. Qf3 Qc6 22. Qxc6 Rxc6 23. Rac1 Nd5 24. c4 Ne7 25. Be3 Nf5 26. Red1 Nxe3
1/2-1/2

[Event "Club Championships"]
[Site "Wellington Chess Club"]
[Date "2011.08.23"]
[Round "4"]
[White "Havukkala, Ilkka"]
[Black "Roberts, Michael"]
[Result "1-0"]
[WhiteElo "1877"]
[BlackElo "1775"]

1. e4 e6 2. f4 c5 3. Nf3 Nc6 4. e5 a6 5. Nc3 d5 6. exd6 Bxd6 7. d4 cxd4 8. Nxd4
Nxd4 9. Qxd4 Nf6 10. Be3 O-O 11. Bd3 Bc7 12. O-O Qe7 13. Ne4 Rd8 14. Nxf6+ gxf6
15. Qe4 f5 16. Qf3 Rb8 17. Qh5 b5 18. Rf3 Bb7 19. Rg3+ Kh8 20. Rh3 f6 21. Be2
Rd7 22. Bf3 Bxf3 23. Qxf3 Rbd8 24. a3 Qd6 25. Qe2 Bb6 26. Re1 e5 27. Rf3 e4 28.
Rf2 Bxe3 29. Qxe3 Qd4 30. Qxd4 Rxd4 31. Kf1 Kg8 32. Rfe2 Kf7 33. Re3 Rc8 34. c3
Rd2 35. R3e2 Rcd8 36. Rxd2 Rxd2 37. Re2 Rd3 38. Kf2 Ke6 39. g4 Rf3+ 40. Ke1
Rxf4 41. gxf5+ Kxf5 42. Rd2 Rh4 43. b4 Rh3 44. Rd6 Rxc3 45. Rxa6 Rh3 46. Rb6
Rxa3 47. Rxb5+ Kg4 48. Rb6 f5 49. b5 Rh3 50. Rb7 Rxh2 51. Kd1 Kf3 52. b6 Ke3
1-0

[Event "Club Championships"]
[Site "Wellington Chess Club"]
[Date "2011.08.23"]
[Round "5"]
[White "Aldridge, Alan"]
[Black "Forster, Bill"]
[Result "1-0"]
[WhiteElo "1914"]
[BlackElo "1995"]

1. d4 f5 2. g3 Nf6 3. Bg2 e6 4. Nf3 Be7 5. O-O O-O 6. c4 d6 7. Nc3 a5 8. Re1
Ne4 9. Qc2 d5 10. Bf4 c5 11. cxd5 exd5 12. dxc5 Nc6 13. Rad1 Nb4 14. Qb3 Bxc5
15. e3 Bd7 16. Nxe4 fxe4 17. Ne5 a4 18. Qc3 Rc8 19. Bxe4 Bb5 20. Bb1 g5 21. a3
gxf4 22. axb4 Bxe3 23. Qa3 Bxf2+ 24. Kxf2 fxg3+ 25. Kg1 Qb6+ 26. Kh1 g2+ 27.
Kxg2 Kh8 28. Qh3 Rg8+ 29. Kh1 Rc7 30. Rg1 Rcg7 31. Rxg7 Rxg7 32. Qc8+ Rg8 33.
Nf7+ Kg7 34. Qf5 Qf6 35. Rg1+ Kf8 1-0